00236nam a22000857a 4500082001900000245004400019260002800063300000900091440005000100 aRR 016.33 INT- aInternational bibliography of economics aLondonbRoutledgec1991 a44v. aInternational bibliography of social sciences